000 00694cam a22002531 4500
001 sa 68011520
003 DLC
005 20260227112601.0
008 890719s1968 ii b 000 0 maro
010 _asa 68011520
035 _a(OCoLC)20034147
040 _aDLC
_cWaU
_dDLC
042 _apremarc
043 _aa-ii---
050 0 0 _aPK2406
_b.A7
100 1 _aAkkole, Subhash Tippanna,
_d1927-
245 1 0 _aPrācīna Marāṭhī Jaina sāhitya.
260 _c[1968]
300 _a21, 315 p.
_c22 cm.
500 _aIn Marathi.
504 _aBibliography: p. [308]-312.
650 0 _aMarathi literature
_xHistory and criticism.
650 0 _aJaina literature
_xHistory and criticism.
999 _c83951
_d83951